000 01304cam a22003494a 4500
008 040114m20039999sp a b 001 0 spa
010 _a 2005394279
020 _a8437621038
020 _a9788437627113 (v. 2)
040 _aDLC
_cDLC
_dDLC
050 0 0 _aPN3458
_b.B73 2003
082 0 0 _a809.3
_222
092 0 4 _a809.3
_bB8264
_221
099 _a04
_a809.3 B8264
100 1 _aBravo Castillo, Juan,
_d1948-
245 1 0 _aGrandes hitos de la historia de la novela euroamericana /
_cJuan Bravo Castillo ; prâologo de Javier del Prado.
250 _a1a. ed.
260 _aMadrid :
_bCâatedra,
_c2003-<2010>
300 _av. <1-2> :
_bill. ;
_c21 cm.
440 0 _aCrâitica y estudios literarios
504 _aIncludes bibliographical references and indexes.
505 1 _av. 1. Desde sus inicios hasta el Romanticismo -- v. 2. El siglo XIX
590 _aLibrary has v.2 only.
650 0 _aFiction
_xHistory and criticism.
856 4 1 _3Table of contents only
_uhttp://www.loc.gov/catdir/enhancements/fy0836/2005394279-t.html
856 4 2 _3Publisher description
_uhttp://www.loc.gov/catdir/enhancements/fy0836/2005394279-d.html
902 _a2
905 _aJamal
_eRev.
905 _aJihan
_eCat.
942 _2ddc
_cBK
999 _c135889
_d135889